Centro Cívico Nacional y anillo de renovación urbana de San José

Salvato in:
Dettagli Bibliografici
Ente Autore: Costa Rica. Gobierno
Natura: testo
Pubblicazione: San José :
Soggetti:
Tags: Aggiungi Tag
Nessun Tag, puoi essere il primo ad aggiungerne!!

MARC

LEADER 00000 a a2200000 04500
001 15626
003
040
090 |a EXTRAVIADO  
110 |a Costa Rica. Gobierno  
245 |a Centro Cívico Nacional y anillo de renovación urbana de San José  
260 |a San José :  
300 |a 26 p.  
650 |a URBANISMO  
999 |c 1487  |d 1487